| 000 | 00423nam a22001697a 4500 | ||
|---|---|---|---|
| 999 |
_c7935 _d7933 |
||
| 005 | 20220215115041.0 | ||
| 008 | 220215b ||||| |||| 00| 0 eng d | ||
| 020 | _a9788126579970 | ||
| 041 | _aeng | ||
| 082 | _a615.19 | ||
| 100 |
_aKUBINYI, HUGO _97103 |
||
| 245 | _aQSAR: HANSCH ANALYSIS AND RELATED APPROACHES [VOL-1] | ||
| 260 |
_aLOOEINHEIM _bVCH _c1993 |
||
| 300 | _a240;P | ||
| 650 |
_aPHARMACY _97104 |
||
| 942 | _cBK | ||